Statistics for Top 20 Most Populated Cities in Venezuela

Click here to take the quiz!

General Stats

  • This quiz has been taken 395 times
    (121 since last reset)
  • The average score is 9 of 20

Answer Stats

Population City % Correct
5.080.903Caracas DC / MI
100%
3.897.655Maracaibo ZU
87%
2.140.000Valencia CA
87%
1.995.770Barquisimeto LA
67%
502.189Mérida ME
66%
955.362Maracay AR
61%
591.424Barcelona AN
59%
628.626San Cristóbal TA
53%
1.200.000Ciudad Guayana BO
51%
380.953Ciudad Bolivar BO
51%
249.107Coro FA
48%
514.046Maturín MO
41%
374.706Cumaná SU
39%
355.413Barinas BA
34%
351.735Cabimas ZU
25%
287.558Punto Fijo FA
15%
250.000Valera TR
15%
288.283Ciudad Ojeda ZU
9%
661.897Catia la Mar VA
7%
240.950Turmero AR
5%

Score Distribution

Percentile by Number Answered

Percent of People with Each Score

Your Score History

You have not taken this quiz since the last reset